000 00283nam a2200097Ia 4500
001 1119260
005 20250827004141.0
008 250824s9999 xx 000 0 und d
245 0 _aİSLAMİ YENİDEN DOĞUŞUN MESELELERİ R2 12
_cALİYA İZETBEGOVİÇ
260 _bKETEBE YAYINLARI
999 _c1119260
_d1119260